<?xml version="1.0" encoding="UTF-8"?>
<record
    xmlns:xsi="http://www.w3.org/2001/XMLSchema-instance"
    xsi:schemaLocation="http://www.loc.gov/MARC21/slim http://www.loc.gov/standards/marcxml/schema/MARC21slim.xsd"
    xmlns="http://www.loc.gov/MARC21/slim">

  <leader>01139nam a2200229   4500</leader>
  <controlfield tag="001">113604</controlfield>
  <controlfield tag="003">DR-UNIBE</controlfield>
  <controlfield tag="005">20250512142618.0</controlfield>
  <controlfield tag="008">250512b2007    es ||||| |||| 00| 0 spa d</controlfield>
  <datafield tag="040" ind1=" " ind2=" ">
    <subfield code="a">BIBLIOTECA UNIBE</subfield>
    <subfield code="b">spa</subfield>
    <subfield code="c">BIBLIOTECA UNIBE</subfield>
    <subfield code="e">rda</subfield>
  </datafield>
  <datafield tag="041" ind1=" " ind2=" ">
    <subfield code="a">spa</subfield>
  </datafield>
  <datafield tag="082" ind1=" " ind2=" ">
    <subfield code="a">F 5692</subfield>
  </datafield>
  <datafield tag="100" ind1=" " ind2=" ">
    <subfield code="a">Guzm&#xE1;n Canjura. Ulices de Dios</subfield>
    <subfield code="9">195253</subfield>
    <subfield code="e">autor</subfield>
  </datafield>
  <datafield tag="245" ind1=" " ind2=" ">
    <subfield code="a">Filosof&#xED;a jur&#xED;dica en acci&#xF3;n /</subfield>
    <subfield code="c">Ulices de Dios Guzm&#xE1;n Canjura</subfield>
  </datafield>
  <datafield tag="260" ind1=" " ind2=" ">
    <subfield code="a">San Salvador: </subfield>
    <subfield code="b">Corte Suprema de Justicia. Direcci&#xF3;n de Comunicaciones, </subfield>
    <subfield code="c"> 2007</subfield>
  </datafield>
  <datafield tag="300" ind1=" " ind2=" ">
    <subfield code="a">60 p&#xE1;ginas : </subfield>
    <subfield code="b">gr&#xE1;ficas ;</subfield>
    <subfield code="c">21 x 13 cm</subfield>
  </datafield>
  <datafield tag="500" ind1=" " ind2=" ">
    <subfield code="a">Informaci&#xF3;n sobre el autor en la contraportada</subfield>
  </datafield>
  <datafield tag="505" ind1=" " ind2=" ">
    <subfield code="a">Sobre el monopolio de la acci&#xF3;n penal |
Elementos estructurales de los recursos |
Explorando las Corte Suprema de Justicia |
Verdades y verdades judiciales |
L&#xF3;gica de casaci&#xF3;n  |
Sobre la independencia judicial |
Sobre la interpretaci&#xF3;n del derecho |
Principios de la l&#xF3;gica jur&#xED;dica |
Panorama cr&#xED;tico de la justicia penal</subfield>
  </datafield>
  <datafield tag="650" ind1=" " ind2=" ">
    <subfield code="2">lemb</subfield>
    <subfield code="a">Filosof&#xED;a del derecho</subfield>
  </datafield>
  <datafield tag="700" ind1=" " ind2=" ">
    <subfield code="a">Raudales, Walter</subfield>
    <subfield code="9">195256</subfield>
    <subfield code="e">director de comunicaciones</subfield>
  </datafield>
  <datafield tag="942" ind1=" " ind2=" ">
    <subfield code="2">ddc</subfield>
    <subfield code="c">MX</subfield>
  </datafield>
  <datafield tag="999" ind1=" " ind2=" ">
    <subfield code="c">113604</subfield>
    <subfield code="d">113604</subfield>
  </datafield>
  <datafield tag="952" ind1=" " ind2=" ">
    <subfield code="0">0</subfield>
    <subfield code="1">0</subfield>
    <subfield code="2">ddc</subfield>
    <subfield code="4">0</subfield>
    <subfield code="7">0</subfield>
    <subfield code="8">FOL</subfield>
    <subfield code="a">Principal</subfield>
    <subfield code="d">2025-04-08</subfield>
    <subfield code="l">0</subfield>
    <subfield code="o">F 5692</subfield>
    <subfield code="p">F0250075</subfield>
    <subfield code="r">2025-05-12 14:19:11</subfield>
    <subfield code="t">eJ.1</subfield>
    <subfield code="w">2025-05-12</subfield>
    <subfield code="y">MX</subfield>
  </datafield>
</record>
